000 01036nam a2200229Ia 4500
003 OSt
005 20200804152316.0
008 191128s1991 ck gr 000 0 spa d
040 _aCO-JMCR
_cCO-JMCR
041 0 _aspa
082 0 4 _a364.168 /
_bH275d
_223
100 1 _aHernández Quintero, Hernando A.,
_eautor
_98376
245 1 3 _aLos delitos económicos en la actividad financiera /
_cHernando A, Hernández Quintero,
260 _aBogotá :
_bImprenta Nacional de Colombia,
_c1991.
300 _a167 páginas ;
_c17 cm.
490 0 _aColección monográfica : Ricardo Medina Moyano
504 _aBibliografía: páginas 163-167.
505 0 _aLa intervención del estado en la economía -- Cómo ejercer la intervención en el sector financiero -- El delito contra el orden economíco o el delito economíco -- Estudio particular de los delitos economícos que afectan la actividad financiera
650 2 4 _aDelitos
_xcontra el orden público
_98377
650 2 4 _aEconomía
_xintervención del estado
_98378
942 _2ddc
_cBK
999 _c5973
_d5973